Vista normal
Vista MARC
Entrada Nombre corporativo
Número de registros utilizados en: 1
001 - NÚMERO DE CONTROL
- Campo de control: 38463
003 - IDENTIFICADOR DE NÚMERO DE CONTROL
- Campo de control: ES-MaCES
005 - FECHA Y HORA DE LA ULTIMA MODIFICACION
- Campo de control: 20170822152518.0
008 - ELEMENTOS DE DATOS DE LONGITUD FIJA
- Campo de longitud fija: 170822|| azz||aabn | a|a d
040 ## - FUENTE DE LA CATALOGACIÓN
- Agencia original de catalogación: ES-MaCES
110 ## - ENCABEZAMIENTO--NOMBRE CORPORATIVO
- Nombre corporativo o de jurisdicción como elemento de entrada: Unión Europea
- Título de una obra: Directiva relativa al Acuerdo marco de la CES, la UNICE y el CEEP sobre el trabajo de duraciõn determinada
- Lugar de reunión o firma del tratado: 1999
670 ## - FUENTE DE DATOS ENCONTRADOS
- Fuente de citación: www.eur-lex.europa.eu
- Información encontrada: DIRECTIVA 1999/70/CE DEL CONSEJO de 28 de junio de 1999

